000 00588cam a2200205 a 4500
001 12446099
005 20250531150929.0
008 010619s1999 nju b 000 0 eng d
020 _a0882707884
050 0 0 _aBV4520
_b.C637 1999
082 0 0 _a248/.5
_221
100 1 _aComfort, Ray.
245 1 0 _aHow to win souls & influence people /
_cRay Comfort.
260 _aNorth Brunswick, N.J. :
_bBridge-Logos Publishers,
_cc1999.
300 _a319 p. ;
_c22 cm.
650 0 _aWitness bearing (Christianity)
650 0 _aEvangelistic work.
650 0 _aApologetics.
942 _2lcc
_cBK
_n0
999 _c6106
_d6106